[Event "DVM U14 2012"]
[Site "Magdeburg GER"]
[Date "2012.12.30"]
[Round "7"]
[White "Sabirov, Ramil"]
[Black "Sawlin, Leonid"]
[Result "1-0"]
[Termination "normal"]
[Board "1.1"]
[WhiteElo "1877"]
[BlackElo "1969"]
[WhiteTeam "SG Porz"]
[BlackTeam "TuS Makkabi Berlin"]
[WhiteFideId "12900303"]
[BlackFideId "4689542"]
[EventCountry "GER"]
[EventRounds "7"]
[EventType "team-swiss"]
[EventDate "2012.12.26"]

1. e4 e6 2. d4 d5 3. Nd2 Nf6 4. e5 Nfd7 5. Bd3 c5 6. c3 Nc6 7. Ne2 cxd4 8. cxd4
f6 9. exf6 Nxf6 10. Nf3 Bd6 11. O-O Qc7 12. Bg5 O-O 13. Bh4 Nh5 14. Qc2 h6 15.
Bg6 Nf4 16. Nxf4 Bxf4 17. Bg3 Bd7 18. Ne5 Be8 19. Bxe8 Raxe8 20. Nxc6 bxc6 21.
Rfe1 Qb6 22. Rad1 Bxg3 23. hxg3 Rf6 24. Rd2 Re7 25. Qc3 Ref7 26. Qe3 Qa5 27. b3
Rc7 28. Rc1 Qa3 29. Rc5 a5 30. Rdc2 Rc8 31. Qc3 a4 32. Ra5 Qf8 33. Rxa4 Qe8 34.
Ra6 Qg6 35. b4 Rcf8 36. Rxc6 Kh7 37. b5 Qe4 38. Qe3 Qxe3 39. fxe3 Rf1+ 40. Kh2
Rb1 41. a4 Ra1 42. g4 e5 43. dxe5 Rxa4 44. Rb2 Rxg4 45. b6 Rb8 46. Rd6 Rg6 47.
e6 Rf6 48. b7 Kg8 49. Rc6 Rff8 50. Rc7 Rfe8 51. Rbc2 Kf8 52. Kg3 g5 53. Kg4 1-0

[Event "DVM U14 2012"]
[Site "Magdeburg GER"]
[Date "2012.12.30"]
[Round "7"]
[White "Schmidek, Emil"]
[Black "Fieberg, Samuel"]
[Result "1-0"]
[Termination "normal"]
[Board "1.2"]
[WhiteElo "1882"]
[BlackElo "1907"]
[WhiteTeam "TuS Makkabi Berlin"]
[BlackTeam "SG Porz"]
[WhiteFideId "12908150"]
[BlackFideId "12901717"]
[EventCountry "GER"]
[EventRounds "7"]
[EventType "team-swiss"]
[EventDate "2012.12.26"]

1. e4 c5 2. Nf3 d6 3. d4 cxd4 4. Nxd4 Nf6 5. Nc3 a6 6. Bg5 e6 7. f4 Be7 8. Qf3
Qc7 9. O-O-O Nbd7 10. Bd3 h6 11. Bh4 g5 12. e5 gxh4 13. exf6 Nxf6 14. f5 e5 15.
Nde2 Bd7 16. Be4 Nxe4 17. Nxe4 Bc6 18. N2c3 Rc8 19. Qe2 Bxe4 20. Nxe4 Qc6 21.
Rhe1 Kd7 22. f6 Bf8 23. Rd3 Qa4 24. Kb1 Kc7 25. Nc3 Qc6 26. Nd5+ Kb8 27. Red1
Rg8 28. Rc3 Qb5 29. Rxc8+ Kxc8 30. Qh5 Rg6 31. a3 Qc6 32. Qxh4 Kb8 33. Qh3 Qc8
34. Qf3 Qg4 35. Qf1 Qe4 36. g3 Rg5 37. Qf2 Qc4 38. Nb6 Qc6 39. Qe3 e4 40. b3
Rc5 41. Nd7+ 1-0

[Event "DVM U14 2012"]
[Site "Magdeburg GER"]
[Date "2012.12.30"]
[Round "7"]
[White "Brungs, Sven"]
[Black "Hübner, Alan-Ari"]
[Result "1/2-1/2"]
[Termination "normal"]
[Board "1.3"]
[WhiteElo "1921"]
[BlackElo "1789"]
[WhiteTeam "SG Porz"]
[BlackTeam "TuS Makkabi Berlin"]
[WhiteFideId "12946257"]
[BlackFideId "12903965"]
[EventCountry "GER"]
[EventRounds "7"]
[EventType "team-swiss"]
[EventDate "2012.12.26"]

1. d4 d5 2. c4 dxc4 3. e3 e5 4. Bxc4 exd4 5. exd4 Nf6 6. Nf3 Bd6 7. O-O O-O 8.
h3 h6 9. Nc3 Nc6 10. Be3 Bf5 11. a3 a6 12. Re1 Qd7 13. Nd5 Nxd5 14. Bxd5 Rad8
15. Bc4 Rfe8 16. Bd3 Bxd3 17. Qxd3 Bc5 18. Red1 Bb6 19. Qc3 Qd5 20. Rd3 Re7 21.
Rad1 f6 22. Ne5 Re6 23. Nxc6 Rxc6 24. Qd2 Rcd6 25. Qc3 R8d7 26. Qc2 g5 27. f3
Kg7 28. Bf2 c6 29. Qc3 Qg8 30. Kf1 Rd5 31. Qc2 Qd8 32. Qc4 Re7 33. R3d2 Ba7 34.
Rd3 Qd7 35. Qc3 Re6 36. Qc4 Re8 37. Qc3 Re7 38. Qc4 Qd6 39. Kg1 Rd7 40. b4 Re7
41. R3d2 1/2-1/2

[Event "DVM U14 2012"]
[Site "Magdeburg GER"]
[Date "2012.12.30"]
[Round "7"]
[White "Flüchter, Gregor"]
[Black "Altstadt, Karl-Simon"]
[Result "1/2-1/2"]
[Termination "normal"]
[Board "2.1"]
[WhiteElo "2007"]
[BlackElo "1807"]
[WhiteTeam "Schachfreunde Brackel 1930"]
[BlackTeam "USV Volksbank Halle"]
[WhiteFideId "12903396"]
[BlackFideId "24696676"]
[EventCountry "GER"]
[EventRounds "7"]
[EventType "team-swiss"]
[EventDate "2012.12.26"]

1. e4 c5 2. Nf3 d6 3. d4 cxd4 4. Nxd4 Nf6 5. Nc3 a6 6. Bc4 e6 7. O-O Be7 8. Bb3
O-O 9. Re1 Qc7 10. Bg5 Bd7 11. Qd3 h6 12. Bh4 Nc6 13. Rad1 Rfd8 14. a3 Rac8 15.
Nxc6 Bxc6 16. Qh3 b5 17. Bg3 Qb7 18. f3 d5 19. exd5 Bxd5 20. Nxd5 Nxd5 21. Rxe6
Bc5+ 22. Kh1 Nf4 23. Re8+ Bf8 24. Rdxd8 Rxd8 25. Rxd8 Nxh3 26. gxh3 Qxf3+ 27.
Kg1 Qe3+ 28. Kg2 Qe2+ 1/2-1/2

[Event "DVM U14 2012"]
[Site "Magdeburg GER"]
[Date "2012.12.30"]
[Round "7"]
[White "Kretzschmar, Arnd"]
[Black "Birnkraut, Tim"]
[Result "1-0"]
[Termination "normal"]
[Board "2.2"]
[WhiteElo "1736"]
[BlackElo "1768"]
[WhiteTeam "USV Volksbank Halle"]
[BlackTeam "Schachfreunde Brackel 1930"]
[WhiteFideId "12914835"]
[BlackFideId "24609587"]
[EventCountry "GER"]
[EventRounds "7"]
[EventType "team-swiss"]
[EventDate "2012.12.26"]

1. e4 e5 2. Nf3 Nc6 3. Bc4 Bc5 4. b4 Bxb4 5. c3 Ba5 6. d4 exd4 7. O-O d6 8.
cxd4 Bb6 9. Nc3 Na5 10. Be2 Nc6 11. Bc4 Bg4 12. Be3 Qd7 13. Bb5 a6 14. Ba4 Ba5
15. d5 b5 16. Nxb5 axb5 17. Bxb5 Nge7 18. dxc6 Qe6 19. Ng5 Bxd1 20. Nxe6 fxe6
21. Raxd1 Kf7 22. a4 Rhb8 23. Rb1 Bb6 24. Bxb6 Rxb6 25. Rfc1 Kf6 26. f4 e5 27.
fxe5+ Kxe5 28. Rb4 Rab8 29. Rcc4 Nxc6 30. Rxc6 Rxc6 31. Kf2 {Partieverlust
durch Handyklingeln} 1-0

[Event "DVM U14 2012"]
[Site "Magdeburg GER"]
[Date "2012.12.30"]
[Round "7"]
[White "Wastian, Jan"]
[Black "Schulte, Felix"]
[Result "1-0"]
[Termination "normal"]
[Board "2.3"]
[WhiteElo "1616"]
[BlackElo "1779"]
[WhiteTeam "Schachfreunde Brackel 1930"]
[BlackTeam "USV Volksbank Halle"]
[WhiteFideId "12911640"]
[BlackFideId "12914800"]
[EventCountry "GER"]
[EventRounds "7"]
[EventType "team-swiss"]
[EventDate "2012.12.26"]

1. e4 c5 2. c3 d5 3. exd5 Qxd5 4. d4 Nf6 5. Nf3 Bg4 6. Nbd2 cxd4 7. Bc4 Qd6 8.
Qb3 Bxf3 9. Nxf3 Nc6 10. Bxf7+ Kd8 11. O-O Kc7 12. Nxd4 Nxd4 13. cxd4 Rd8 14.
Bg5 Ng4 15. g3 Qb6 16. Qf3 Rxd4 17. Rac1+ Kb8 18. Bf4+ e5 19. Qxg4 Bd6 20. Qxg7
Rd8 21. Be3 Bc5 22. Qxe5+ 1-0

[Event "DVM U14 2012"]
[Site "Magdeburg GER"]
[Date "2012.12.30"]
[Round "7"]
[White "Bingert, Tim Niklas"]
[Black "Bauer, Björn-Benny"]
[Result "1-0"]
[Termination "normal"]
[Board "3.1"]
[WhiteElo "1973"]
[BlackElo "2022"]
[WhiteTeam "SK Langen"]
[BlackTeam "SK Gau-Algesheim"]
[WhiteFideId "12917907"]
[BlackFideId "24698741"]
[EventCountry "GER"]
[EventRounds "7"]
[EventType "team-swiss"]
[EventDate "2012.12.26"]

1. e4 c5 2. Nf3 Nc6 3. d4 cxd4 4. Nxd4 Nf6 5. Nc3 e5 6. Ndb5 d6 7. Bg5 a6 8.
Na3 b5 9. Nd5 Be7 10. Bxf6 Bxf6 11. c4 Nd4 12. cxb5 Be6 13. Bc4 Bxd5 14. Bxd5
Rb8 15. bxa6 Qa5+ 16. Qd2 Qxa6 17. Nc4 O-O 18. O-O Rfc8 19. b3 h6 20. Qa5 Qxa5
21. Nxa5 Kf8 22. Nc4 Ke7 23. Rfd1 Rc5 24. Kf1 Rb4 25. Rab1 g6 26. Rd3 Rcb5 27.
Ne3 Ra5 28. Bc4 Rb8 29. Nd5+ Ke6 30. b4 Rc5 31. Nb6+ Rxc4 32. Nxc4 d5 33. exd5+
Kxd5 34. Ne3+ Ke4 35. Rc3 1-0

[Event "DVM U14 2012"]
[Site "Magdeburg GER"]
[Date "2012.12.30"]
[Round "7"]
[White "Grieb, Lukas"]
[Black "Berkes, Alexander"]
[Result "1/2-1/2"]
[Termination "normal"]
[Board "3.2"]
[WhiteElo "1599"]
[BlackElo "1834"]
[WhiteTeam "SK Gau-Algesheim"]
[BlackTeam "SK Langen"]
[WhiteFideId "1271993"]
[BlackFideId "12901636"]
[EventCountry "GER"]
[EventRounds "7"]
[EventType "team-swiss"]
[EventDate "2012.12.26"]

1. e4 e6 2. d4 d5 3. exd5 exd5 4. Nf3 Bd6 5. Bd3 Nc6 6. c3 Nge7 7. Be3 Bg4 8.
Nbd2 Qd7 9. Qc2 f5 10. h3 Bh5 11. Bg5 h6 12. Bxe7 Qxe7+ 13. Be2 O-O 14. Kd1 Rf6
15. Re1 Re8 16. Qd3 Re6 17. Ng1 Bh2 18. Ndf3 Bxg1 19. Nxg1 Qg5 20. Qg3 Qe7 21.
Qd3 Nd8 22. Nf3 Nf7 23. a4 Ng5 24. Ne5 Ne4 25. Rf1 Bxe2+ 26. Qxe2 c5 27. Qe3
cxd4 28. cxd4 Qb4 29. Ke2 Qxb2+ 30. Kf3 Nd2+ 31. Kg3 Nxf1+ 32. Rxf1 Qc2 33. Rc1
Qe4 34. Rc7 Qxe3+ 35. fxe3 R6e7 36. Rc5 Rd8 37. Kf4 g5+ 38. Kxf5 Rd6 39. Kg4
Kg7 40. Kf3 Kf6 41. Ng4+ Kf7 42. Ne5+ Ke6 43. Kg4 Ra6 44. a5 Rd6 45. Kf3 b6 46.
Rc8 Kf6 47. Rg8 Rg7 48. Rh8 Ke7 49. Ra8 Rf6+ 50. Ke2 Kd6 51. axb6 axb6 52. Rd8+
Ke6 53. Rb8 1/2-1/2

[Event "DVM U14 2012"]
[Site "Magdeburg GER"]
[Date "2012.12.30"]
[Round "7"]
[White "Özdemir, Ali Özden"]
[Black "Erlekam, Simon"]
[Result "1-0"]
[Termination "normal"]
[Board "3.3"]
[WhiteElo "1848"]
[BlackElo "1659"]
[WhiteTeam "SK Langen"]
[BlackTeam "SK Gau-Algesheim"]
[WhiteFideId "12952745"]
[BlackFideId "12921416"]
[EventCountry "GER"]
[EventRounds "7"]
[EventType "team-swiss"]
[EventDate "2012.12.26"]

1. e4 c5 2. Nf3 Nc6 3. d4 cxd4 4. Nxd4 d6 5. c4 a6 6. Nc3 g6 7. Be3 Bg7 8. Qd2
Nf6 9. f3 Bd7 10. Be2 Qc7 11. O-O O-O 12. Rac1 Rac8 13. Rfd1 Qb8 14. b3 Ne5 15.
Bf1 Rfd8 16. Nc2 b5 17. cxb5 axb5 18. Nb4 Nc6 19. Nxb5 Nxb4 20. Qxb4 Rxc1 21.
Rxc1 d5 22. Bg5 dxe4 23. Bxf6 Bxf6 24. fxe4 Be5 25. Qxe7 Bxh2+ 26. Kh1 Kg7 27.
Bc4 Bxb5 28. Bxb5 Bf4 29. Rf1 Qxb5 30. Rxf4 Rd7 31. Rxf7+ Kg8 32. Qf8# 1-0

[Event "DVM U14 2012"]
[Site "Magdeburg GER"]
[Date "2012.12.30"]
[Round "7"]
[White "Jusman, Jesse Samuel"]
[Black "Reidl, Jorit"]
[Result "0-1"]
[Termination "normal"]
[Board "3.4"]
[WhiteElo "1138"]
[BlackElo "1058"]
[WhiteTeam "SK Gau-Algesheim"]
[BlackTeam "SK Langen"]
[WhiteFideId "12926043"]
[BlackFideId "12964760"]
[EventCountry "GER"]
[EventRounds "7"]
[EventType "team-swiss"]
[EventDate "2012.12.26"]

1. e4 e5 2. Nf3 Nc6 3. Bc4 Nf6 4. Ng5 d5 5. exd5 Na5 6. d3 Be7 7. d6 Nxc4 8.
dxe7 Qxe7 9. dxc4 O-O 10. O-O h6 11. Nf3 Bg4 12. Re1 Rae8 13. b3 Qc5 14. Ba3
Qa5 15. Bxf8 e4 16. h3 Bh5 17. Ba3 Bxf3 18. gxf3 Qg5+ 19. Kh2 Qf4+ 20. Kg1 Qg5+
21. Kf1 Qh4 22. Kg2 exf3+ 23. Qxf3 Rxe1 24. Qg3 Qe4+ 25. f3 Qxc2+ 26. Qf2 Re2
27. Bc5 Rxf2+ 28. Bxf2 Qb2 0-1

[Event "DVM U14 2012"]
[Site "Magdeburg GER"]
[Date "2012.12.30"]
[Round "7"]
[White "Heinemann, Josefine"]
[Black "Greßmann, Moritz"]
[Result "1-0"]
[Termination "normal"]
[Board "4.1"]
[WhiteElo "1902"]
[BlackElo "1853"]
[WhiteTeam "USC Magdeburg"]
[BlackTeam "BSV 63 Chemie Weißensee"]
[WhiteFideId "12900460"]
[BlackFideId "24695084"]
[EventCountry "GER"]
[EventRounds "7"]
[EventType "team-swiss"]
[EventDate "2012.12.26"]

1. e4 e5 2. Nf3 Nc6 3. Bb5 a6 4. Ba4 Nf6 5. O-O Be7 6. Re1 b5 7. Bb3 d6 8. c3
O-O 9. h3 Na5 10. Bc2 c5 11. d4 Nd7 12. Nbd2 exd4 13. cxd4 Nc6 14. d5 Nce5 15.
Nxe5 Nxe5 16. f4 Ng6 17. Nf3 Bh4 18. Rf1 Bg3 19. Nh2 Bxh2+ 20. Kxh2 f6 21. b3
Bd7 22. Bb2 a5 23. Qh5 Nh8 24. e5 g6 25. Qe2 Re8 26. e6 Bc8 27. Qg4 Bb7 28.
Rad1 Qe7 29. h4 Qg7 30. f5 gxf5 31. Qxf5 1-0

[Event "DVM U14 2012"]
[Site "Magdeburg GER"]
[Date "2012.12.30"]
[Round "7"]
[White "Donath, Johann"]
[Black "Geue, Niklas"]
[Result "1-0"]
[Termination "normal"]
[Board "4.2"]
[WhiteElo "1908"]
[BlackElo "1531"]
[WhiteTeam "BSV 63 Chemie Weißensee"]
[BlackTeam "USC Magdeburg"]
[WhiteFideId "24685160"]
[BlackFideId "12961043"]
[EventCountry "GER"]
[EventRounds "7"]
[EventType "team-swiss"]
[EventDate "2012.12.26"]

1. e4 e6 2. d4 d5 3. exd5 exd5 4. c4 c6 5. Nc3 Bb4 6. Bd3 Nf6 7. Nf3 O-O 8. O-O
Bg4 9. Be3 Nbd7 10. Re1 dxc4 11. Bxc4 Nb6 12. Bd3 Nbd5 13. Rc1 Qa5 14. Bd2 Bxf3
15. gxf3 Nxc3 16. bxc3 Bd6 17. f4 Qxa2 18. Ra1 Qd5 19. Be3 Qh5 20. Qxh5 Nxh5
21. Reb1 Rfb8 22. f5 a5 23. Ra2 Nf4 24. Be4 Ra6 25. Rba1 Rba8 26. c4 Nh5 27.
Rb1 Nf6 28. Bf3 R6a7 29. d5 c5 30. Rb5 Nd7 31. f6 b6 32. fxg7 Kxg7 33. Bd1 Rb8
34. Ba4 Rab7 35. f4 Kf6 36. Kf2 Nf8 37. Rb1 Ke7 38. Rab2 Nd7 39. Bd2 Bc7 40.
Bc3 Ra7 41. Re2+ Kd8 42. Rg1 Bxf4 43. Rg7 Bxh2 44. Rxf7 Bd6 45. Bf6+ Nxf6 46.
Rxa7 Bc7 47. d6 Bxd6 48. Rf7 Ng4+ 49. Kg2 Ne5 50. Rxh7 Rc8 51. Rd2 Nxc4 52.
Rd7+ Ke8 53. R7xd6+ Ke7 54. Rd7+ Kf6 55. Re2 Rg8+ 56. Kf2 Ne5 57. Rd6+ Ke7 58.
Rd5 Rg5 59. Rexe5+ Rxe5 60. Rxe5+ Kd6 61. Rh5 Kc7 62. Ke3 1-0

[Event "DVM U14 2012"]
[Site "Magdeburg GER"]
[Date "2012.12.30"]
[Round "7"]
[White "Fahsel, Nico"]
[Black "Koch, Elisabeth"]
[Result "1/2-1/2"]
[Termination "normal"]
[Board "4.3"]
[WhiteElo "1499"]
[BlackElo "1690"]
[WhiteTeam "USC Magdeburg"]
[BlackTeam "BSV 63 Chemie Weißensee"]
[WhiteFideId "1270256"]
[BlackFideId "24695068"]
[EventCountry "GER"]
[EventRounds "7"]
[EventType "team-swiss"]
[EventDate "2012.12.26"]

1. d4 d5 2. Nf3 Nf6 3. c4 dxc4 4. Nc3 a6 5. a4 e6 6. Bg5 h6 7. Bh4 c5 8. e3 Nc6
9. dxc5 Qa5 10. Bxf6 gxf6 11. Bxc4 Bxc5 12. O-O b6 13. Ne4 Ke7 14. Qb3 Bb7 15.
Rac1 Bb4 16. Rc2 Rhg8 17. Rfc1 Rac8 18. Bxa6 Bxa6 19. Rxc6 Bc5 20. Rxc8 Rxc8
21. h3 Bb7 22. Rxc5 Rxc5 23. Nxc5 Qxc5 24. Nd4 Qc1+ 25. Kh2 Qc7+ 26. f4 Bd5 27.
Qb4+ Qd6 28. Qb5 Qc7 29. Nf5+ Kf8 30. Nd4 Qb7 31. Qe2 Kg7 32. Nb5 Qc6 33. Nc3
Bb3 34. Qb5 Qxb5 35. axb5 Kg6 36. g4 f5 37. Kg3 fxg4 38. hxg4 h5 39. gxh5+ Kxh5
40. Ne4 Kg6 41. Kf2 Bc4 42. Nd6 Bd3 43. Ke1 Kf6 44. Kd2 Bf1 45. Kc3 Ke7 46. Nc4
Bxc4 47. Kxc4 Kd6 48. Kd4 f6 49. e4 Kd7 50. f5 Kd6 51. b3 Kd7 52. e5 fxe5+ 53.
Kxe5 exf5 54. Kxf5 Kd6 55. Ke4 1/2-1/2

[Event "DVM U14 2012"]
[Site "Magdeburg GER"]
[Date "2012.12.30"]
[Round "7"]
[White "Fabiunke, Jakob"]
[Black "Hoang, Viet Long"]
[Result "1-0"]
[Termination "normal"]
[Board "4.4"]
[WhiteElo "1491"]
[BlackElo "1438"]
[WhiteTeam "BSV 63 Chemie Weißensee"]
[BlackTeam "USC Magdeburg"]
[WhiteFideId "24686085"]
[BlackFideId "12964824"]
[EventCountry "GER"]
[EventRounds "7"]
[EventType "team-swiss"]
[EventDate "2012.12.26"]

1. e4 e5 2. Nf3 Nc6 3. Bc4 Nf6 4. d3 h6 5. c3 Bc5 6. O-O O-O 7. Re1 Re8 8. Nbd2
d6 9. Nf1 Bg4 10. h3 Bd7 11. Bb3 Bb6 12. Ng3 Qc8 13. Be3 Ne7 14. Nh4 c6 15. Qf3
Bc7 16. Bxh6 d5 17. Bg5 Ng6 18. Nxg6 fxg6 19. Bxf6 Rf8 20. exd5 Kh8 21. Qe4 Bd6
22. dxc6 Be6 23. cxb7 Qd7 24. bxa8=Q 1-0

[Event "DVM U14 2012"]
[Site "Magdeburg GER"]
[Date "2012.12.30"]
[Round "7"]
[White "Berezhnoy, Alex"]
[Black "Rausch, Adrian"]
[Result "1/2-1/2"]
[Termination "normal"]
[Board "5.1"]
[WhiteElo "1598"]
[BlackElo "1751"]
[WhiteTeam "VSF 1975 Düsseldorf-Süd"]
[BlackTeam "SV Backnang"]
[WhiteFideId "12918997"]
[BlackFideId "12929069"]
[EventCountry "GER"]
[EventRounds "7"]
[EventType "team-swiss"]
[EventDate "2012.12.26"]

1. e4 e5 2. Nf3 f5 3. d4 fxe4 4. Nxe5 Nf6 5. Nc3 d6 6. Nc4 d5 7. Ne5 Be7 8. Be3
O-O 9. Be2 c6 10. Qd2 Be6 11. O-O Nbd7 12. Nxd7 Qxd7 13. Bf4 Bd6 14. Bxd6 Qxd6
15. f3 exf3 16. Bxf3 Bg4 17. g3 Rae8 18. Bg2 Re6 19. Rf4 Rfe8 20. Raf1 Qb4 21.
h3 Bh5 22. g4 Bg6 23. Qc1 Ne4 24. Nxe4 Bxe4 25. c3 Qd6 26. Kh1 Bxg2+ 27. Kxg2
Re2+ 28. R1f2 Qh6 29. Qf1 Qxf4 30. Rxe2 Qxf1+ 31. Kxf1 Rxe2 32. Kxe2 Kf7 33.
Kf3 Kf6 34. h4 g6 35. Kf4 h5 36. gxh5 gxh5 37. b4 b6 38. a4 b5 39. a5 a6 40.
Kg3 Kf5 41. Kf3 1/2-1/2

[Event "DVM U14 2012"]
[Site "Magdeburg GER"]
[Date "2012.12.30"]
[Round "7"]
[White "Maier, Lukas"]
[Black "Surguchov, Alexander"]
[Result "0-1"]
[Termination "normal"]
[Board "5.2"]
[WhiteElo "1693"]
[BlackElo "1724"]
[WhiteTeam "SV Backnang"]
[BlackTeam "VSF 1975 Düsseldorf-Süd"]
[WhiteFideId "12946184"]
[BlackFideId "1272035"]
[EventCountry "GER"]
[EventRounds "7"]
[EventType "team-swiss"]
[EventDate "2012.12.26"]

1. d4 e6 2. c4 f5 3. Nc3 Nf6 4. Nf3 d5 5. Bf4 c6 6. e3 Be7 7. Be2 O-O 8. O-O
Ne4 9. Rc1 Nd7 10. Qb3 Ndf6 11. Ne5 Nd2 12. Qd1 Nxf1 13. Qxf1 Ne4 14. f3 Nxc3
15. Rxc3 Bg5 16. Bxg5 Qxg5 17. f4 Qe7 18. Qd1 Bd7 19. Qb3 Be8 20. Qc2 g5 21.
Bd3 Bg6 22. g4 dxc4 23. Bxc4 gxf4 24. exf4 Rad8 25. Rg3 Kh8 26. Qc3 fxg4 27.
Nxg4 Qg7 28. Bxe6 Qxd4+ 29. Qxd4+ Rxd4 30. Ne5 Rdxf4 31. Nxg6+ hxg6 32. Rxg6
R4f6 33. Rxf6 Rxf6 34. Bc4 Kg7 35. h3 b5 36. Bb3 a5 37. a4 Rf3 38. Be6 bxa4 39.
Kg2 Rd3 40. Kf1 Rd2 41. Ke1 Rxb2 42. Kd1 a3 43. Kc1 Rh2 44. Kb1 Kf6 45. Bd7 c5
46. Bg4 c4 0-1

[Event "DVM U14 2012"]
[Site "Magdeburg GER"]
[Date "2012.12.30"]
[Round "7"]
[White "Schmitz, Fabian"]
[Black "Soos, Philipp"]
[Result "1/2-1/2"]
[Termination "normal"]
[Board "5.3"]
[WhiteElo "1420"]
[BlackElo "1604"]
[WhiteTeam "VSF 1975 Düsseldorf-Süd"]
[BlackTeam "SV Backnang"]
[WhiteFideId "12965006"]
[BlackFideId "12943967"]
[EventCountry "GER"]
[EventRounds "7"]
[EventType "team-swiss"]
[EventDate "2012.12.26"]

1. e4 e5 2. Nf3 Nc6 3. Bb5 a6 4. Ba4 Nf6 5. d3 Bc5 6. c3 d6 7. O-O O-O 8. Nbd2
Bg4 9. Re1 Ne7 10. Nf1 Ng6 11. h3 Be6 12. Ng3 Qc8 13. Ng5 h6 14. Nxe6 fxe6 15.
Be3 Bxe3 16. fxe3 d5 17. exd5 exd5 18. Bb3 c6 19. e4 Kh8 20. exd5 cxd5 21. Rf1
Nd7 22. Rxf8+ Qxf8 23. Qg4 Qe8 24. Bxd5 Nf6 25. Qc4 Qd8 26. Be4 Qb6+ 27. Kh2
Qxb2 28. Bxg6 Qxa1 29. Qf7 Rg8 30. Nf5 Qf1 31. Ne7 1/2-1/2

[Event "DVM U14 2012"]
[Site "Magdeburg GER"]
[Date "2012.12.30"]
[Round "7"]
[White "Zouani, Samir"]
[Black "Gula, Julian"]
[Result "0-1"]
[Termination "normal"]
[Board "5.4"]
[WhiteElo "1486"]
[BlackElo "1372"]
[WhiteTeam "SV Backnang"]
[BlackTeam "VSF 1975 Düsseldorf-Süd"]
[WhiteFideId "12946206"]
[BlackFideId "12954799"]
[EventCountry "GER"]
[EventRounds "7"]
[EventType "team-swiss"]
[EventDate "2012.12.26"]

1. e4 c5 2. Nf3 g6 3. Bc4 Bg7 4. c3 Nc6 5. O-O d6 6. Re1 Bd7 7. Qb3 e6 8. Qxb7
Rb8 9. Qa6 Rb6 10. Qa3 Qe7 11. d4 cxd4 12. cxd4 Nxd4 13. Nxd4 Bxd4 14. Qxa7
Bxb2 15. Qxb6 Bxa1 16. Bb2 Bxb2 17. Qxb2 Qf6 18. e5 dxe5 19. Qxe5 Qxe5 20. Rxe5
Nf6 21. Nc3 O-O 22. a4 Rc8 23. Ne4 Rxc4 24. Nxf6+ Kg7 25. Nh5+ gxh5 26. f3 Rxa4
27. Rxh5 Kg6 28. g4 Rf4 29. Kf2 Bc6 30. Rh3 e5 31. Ke3 f6 32. Rg3 Rb4 33. h4 h5
34. Kf2 Rb2+ 35. Kg1 Rb3 36. Kf2 Kh6 37. g5+ fxg5 38. hxg5+ Kg6 39. f4 Rb2+ 40.
Ke3 exf4+ 41. Kxf4 Rf2+ 42. Ke3 Rf5 43. Ke2 Rxg5 44. Kf2 Rxg3 45. Kxg3 Kg5 46.
Kh3 h4 47. Kh2 Kg4 48. Kg1 Kg3 49. Kf1 h3 50. Kg1 h2+ 51. Kf1 h1=Q+ 52. Ke2
Qf3+ 53. Kd2 Kf2 54. Kc2 Qe3 55. Kb2 Qd3 56. Ka2 Qb5 57. Ka3 Ke2 58. Ka2 Kd2
59. Ka3 Kc2 60. Ka2 Qa4# 0-1

[Event "DVM U14 2012"]
[Site "Magdeburg GER"]
[Date "2012.12.30"]
[Round "7"]
[White "Oberhofer, Cédric"]
[Black "Ridder, David"]
[Result "0-1"]
[Termination "normal"]
[Board "6.1"]
[WhiteElo "1849"]
[BlackElo "1582"]
[WhiteTeam "SC Bavaria Regensburg 1881"]
[BlackTeam "SG Turm Raesfeld/Erle"]
[WhiteFideId "12941220"]
[BlackFideId "12964867"]
[EventCountry "GER"]
[EventRounds "7"]
[EventType "team-swiss"]
[EventDate "2012.12.26"]

1. e4 e5 2. Nf3 Nc6 3. Bb5 Bc5 4. O-O Qf6 5. Nc3 Nge7 6. d3 h6 7. Na4 Bb6 8.
Nxb6 axb6 9. c3 O-O 10. Be3 d6 11. h3 g5 12. Nh2 Ng6 13. Qh5 Kh7 14. g3 Kg7 15.
h4 Rh8 16. hxg5 hxg5 17. Qxg5 Qxg5 18. Bxg5 Rh5 19. Be3 Be6 20. Bxc6 bxc6 21.
f3 Rah8 22. Rf2 Rh3 23. Rg2 f5 24. d4 Kf7 25. dxe5 Nxe5 26. exf5 Bd5 27. Rf1
Bc4 28. Rff2 Nd3 29. Rd2 Ne1 30. Bd4 R8h7 31. Rge2 Bxe2 32. Rxe2 Rxh2 33. Rxe1
Rh1+ 0-1

[Event "DVM U14 2012"]
[Site "Magdeburg GER"]
[Date "2012.12.30"]
[Round "7"]
[White "Tünte, Marcel"]
[Black "Dechant, Georg"]
[Result "1-0"]
[Termination "normal"]
[Board "6.2"]
[WhiteElo "1543"]
[BlackElo "1704"]
[WhiteTeam "SG Turm Raesfeld/Erle"]
[BlackTeam "SC Bavaria Regensburg 1881"]
[WhiteFideId "12964875"]
[BlackFideId "12956716"]
[EventCountry "GER"]
[EventRounds "7"]
[EventType "team-swiss"]
[EventDate "2012.12.26"]

1. e4 c5 2. Nc3 Nc6 3. Bb5 e6 4. Bxc6 bxc6 5. d3 d5 6. e5 Qc7 7. f4 Ne7 8. Nf3
Ng6 9. O-O Be7 10. Qe1 O-O 11. h4 Re8 12. h5 Nf8 13. Qg3 Nd7 14. h6 g6 15. Nh4
Qd8 16. Nf3 Rb8 17. Ne2 Nb6 18. f5 exf5 19. Nf4 Kh8 20. Nh5 Rg8 21. Ng7 Bd7 22.
Ng5 Qf8 23. Re1 f6 24. exf6 Qxf6 25. Bf4 Qf8 26. Bxb8 Bxg5 27. Qxg5 Qxb8 28.
Ne6 1-0

[Event "DVM U14 2012"]
[Site "Magdeburg GER"]
[Date "2012.12.30"]
[Round "7"]
[White "Oberhofer, Marie"]
[Black "Hoffmann, Fabian"]
[Result "0-1"]
[Termination "normal"]
[Board "6.3"]
[WhiteElo "1426"]
[BlackElo "1633"]
[WhiteTeam "SC Bavaria Regensburg 1881"]
[BlackTeam "SG Turm Raesfeld/Erle"]
[WhiteFideId "12938165"]
[BlackFideId "12964891"]
[EventCountry "GER"]
[EventRounds "7"]
[EventType "team-swiss"]
[EventDate "2012.12.26"]

1. e4 e5 2. Nf3 Nc6 3. Bb5 a6 4. Ba4 d6 5. O-O Bg4 6. c3 Nf6 7. Re1 Be7 8. h3
Bh5 9. d3 b5 10. Bc2 O-O 11. Nbd2 Qd7 12. Nf1 Rad8 13. Ng3 Bxf3 14. Qxf3 d5 15.
Rd1 d4 16. Nf5 Kh8 17. Bg5 Rg8 18. Qg3 Nh5 19. Qh4 Bxg5 20. Qxg5 Nf4 21. Re1
Rde8 22. h4 f6 23. Qg3 g5 24. Nh6 gxh4 25. Qxh4 Rxg2+ 26. Kf1 Qg7 27. Qh1 Rg8
28. Nxg8 Qg4 29. Nxf6 Rg1+ 30. Qxg1 Qh3+ 0-1

[Event "DVM U14 2012"]
[Site "Magdeburg GER"]
[Date "2012.12.30"]
[Round "7"]
[White "Beckmann, Klaus"]
[Black "Brüll, Elias"]
[Result "1/2-1/2"]
[Termination "normal"]
[Board "6.4"]
[WhiteElo "1465"]
[BlackElo "1316"]
[WhiteTeam "SG Turm Raesfeld/Erle"]
[BlackTeam "SC Bavaria Regensburg 1881"]
[WhiteFideId "12964905"]
[BlackFideId "12964921"]
[EventCountry "GER"]
[EventRounds "7"]
[EventType "team-swiss"]
[EventDate "2012.12.26"]

1. e4 c5 2. Nf3 d6 3. d4 cxd4 4. Nxd4 Nf6 5. Bd3 g6 6. O-O Bg7 7. h3 O-O 8. Be3
Nc6 9. c3 Bd7 10. Nd2 Re8 11. N2f3 a6 12. Qd2 b5 13. Bh6 Qb6 14. Bxg7 Kxg7 15.
Rfe1 Rab8 16. Nxc6 Bxc6 17. Nd4 e6 18. Qg5 h6 19. Qg3 d5 20. Nxc6 Qxc6 21. exd5
Qxd5 22. Bc2 Rbc8 23. Rad1 Qc5 24. Qd6 Qxd6 25. Rxd6 a5 26. Ra6 Ra8 27. Rxa8
Rxa8 28. Rd1 Nd5 29. Be4 Rd8 30. b3 Rd7 31. c4 bxc4 32. bxc4 Nf6 33. Rxd7 Nxd7
34. Bc6 Nc5 35. Kf1 Kf6 36. Ke2 Ke5 37. Ke3 g5 38. g3 f6 39. f3 h5 40. Bb5 Kd6
41. g4 hxg4 42. hxg4 e5 43. a3 Ke6 44. Bc6 f5 45. gxf5+ Kxf5 46. Be4+ Kf6 47.
Bd5 Kg6 48. Be4+ Kh5 49. Bf5 1/2-1/2